| 000 | 01535cab a2200373 4500 | ||
|---|---|---|---|
| 001 | L130582 | ||
| 008 | 050815n2005 000 0 eng u | ||
| 035 | _a(Sirsi) u130582 | ||
| 041 | _aeng | ||
| 100 | _aJoss, Norman | ||
| 245 | _aLandlord and tenant update | ||
| 260 | _c2005 | ||
| 490 |
_aSolicitors' Journal _v149(31) 5 August 2005, 948-950(3) |
||
| 520 | _aProvides an update on recent case law on business tenancies, leasehold enfranchisement and commonhold, assignment, the construction of user clauses and rent review. | ||
| 590 | _aIKA1600805 | ||
| 650 | _aWESSEX RESERVE FORCES AND CADETS ASSOCIATION V WHITE AND ANOTHER | ||
| 650 | _aNINE CORNWALL CRESCENT LONDON LTD V KENSINGTON AND CHELSEA LBC | ||
| 650 | _aMAURICE AND OTHERS V HOLLOW-WARE PRODUCTS LTD | ||
| 650 | _aHAREFORD LTD V BARNET LBC | ||
| 650 | _aNCR LTD V RIVERLAND PORTFOLIO NO 1 LTD | ||
| 650 | _aJOINT LONDON HOLDINGS LTD V MOUNT COOK LAND LTD | ||
| 650 | _aHEMINGWAY REALITY LTD V MASTER WARDENS AND COMMONALTY OF FREEMEN AOF THE ART OR MYSTERY OF THE CITY OF LONDON | ||
| 650 | _aSAVVA AND OTHERS V GALWAY-COOPER | ||
| 650 | _aAMRIT HOLDINGS CO LTD V SHAHBAKTI | ||
| 650 | _aNEWHAM LBC V HAWKINS AND OTHERS | ||
| 650 | _aLANDLORD AND TENANT ACT 1954 | ||
| 650 | _aLEASEHOLD REFORM, HOUSING AND URBAN DEVELOPMENT ACT 1993 | ||
| 650 | _aLANDLORD AND TENANT ACT 1988 | ||
| 650 | _aLANDLORD AND TENANT ACT 1987 | ||
| 650 | _aRENT ACT 1977 | ||
| 690 |
_aLandlord and tenant _96252 |
||
| 700 | _aGrundy, Nick | ||
| 942 | _n0 | ||
| 999 |
_c75715 _d75715 |
||